It’s the End of the World as We Know It Lyrics - Statistics

General Stats
  • This quiz has been taken 130 times
    105 since last reset
  • The average score is 400 of 493
Answer Stats
Answer % Correct
a
100%
A
100%
I
100%
it
100%
its
100%
It's
100%
… It's
100%
of
100%
The
100%
the
100%
we
100%
World
100%
world
100%
an
98%
and
98%
And
98%
as
98%
end
98%
feel
98%
fine,
98%
fine
98%
know
98%
no,
98%
no
98%
is
96%
to
96%
You
96%
do,
94%
with
94%
With
94%
your
94%
down,
92%
down
92%
earthquake
92%
great,
92%
Lenny Bruce
92%
not
92%
own
92%
snakes,
92%
starts
92%
that
92%
That's
92%
Birds
90%
Don't
90%
don't
90%
needs
90%
needs,
90%
serve
90%
serves
90%
breathing
88%
listen
88%
neck
88%
neck,
88%
aeroplanes
86%
Eye
86%
hurricane,
86%
up
86%
yourself
86%
yourself,
86%
afraid
84%
churn
84%
heart
84%
mis-serve
84%
oh,
84%
oh
84%
for
82%
notch,
82%
pretty
82%
in
80%
Speed
80%
speed,
80%
fire,
78%
Furies
78%
right,
78%
right
78%
Feeling
76%
light
76%
Light
76%
me
76%
Uh
76%
uh
76%
burn,
75%
overflow,
75%
bleed
73%
fear
73%
fear,
73%
her,
73%
hire
71%
population,
71%
sit
71%
clatter
69%
government
69%
combat
67%
ladder
67%
site
67%
This
67%
get
63%
lies
61%
tournament,
61%
tournament
61%
But
59%
but
59%
cavalier,
59%
grunt,
59%
night
59%
then,
59%
candle,
57%
decline
57%
height,
57%
height
57%
strength
57%
fight,
55%
psyched
55%
by
53%
patriotic,
53%
slam
53%
at
49%
Wire
47%
Look
43%
seven
43%
symbiotic,
43%
games
41%
means
41%
return,
41%
clear
39%
him
37%
Slash
37%
Offer
35%
offer
35%
reporters
35%
other
31%
solutions,
31%
caught
29%
steering
29%
save
27%
hour,
25%
coming
24%
Left
24%
step
24%
bright
22%
Every
22%
hurry
22%
T.V.
22%
Leonard Bernstein
20%
low
20%
represent
18%
Team
18%
team,
18%
o'clock,
16%
Six
16%
Watch
16%
baffled,
14%
common
14%
cropped
14%
Lester Bangs
14%
Mountains
14%
plane,
14%
Tell
14%
tower
14%
burning,
12%
cheesecake,
12%
foreign
12%
it'll
12%
renegade
12%
trumped,
12%
alternatives
10%
Birthday
10%
continental
10%
crush,
10%
divide
10%
drift
10%
jellybean,
10%
Leonid Brezhnev,
10%
line,
10%
motive
10%
motive,
10%
party,
10%
Rapture
10%
tethered,
10%
vitriolic,
10%
automotive
8%
book
8%
boom
8%
group
8%
incinerate
8%
Lock
8%
reverent
8%
uniform,
8%
wasn't
8%
bloodletting
6%
escalate,
6%
heel
6%
nice
2%
drifted
0%
No matching quizzes found
Score Distribution
Percent of People with Each Score
Percentile by Number Answered
Your Score History
You have not taken this quiz since the last reset